书目信息 |
| 题名: |
Turbo Pascal程序设计及其应用
|
|
| 作者: | 薛伟 编著 | |
| 分册: | ||
| 出版信息: | 合肥 中国科技大学出版社 1991 |
|
| 页数: | 353页 | |
| 开本: | 26cm | |
| 丛书名: | ||
| 单 册: | ||
| 中图分类: | TP312PA | |
| 科图分类: | 73.87221 | |
| 主题词: | PASCAL语言-程序设计 , 程序设计-PASCAL语言 | |
| 电子资源: | ||
| ISBN: | 7-312-00069-X | |
| 000 | 00662nam0 2200229 45 | |
| 001 | 0196110416 | |
| 005 | 20070608150332.57 | |
| 010 | @a7-312-00069-X@dCNY10.00 | |
| 100 | @a19961029d1991 em y0chiy0120 ea | |
| 101 | 0 | @achi |
| 102 | @aCN@b340000 | |
| 105 | @ay z 000yy | |
| 200 | 10 | @aTurbo Pascal程序设计及其应用@ATurbo Pascal cheng xu she ji ji qi ying yong@f薛伟等编著 |
| 210 | @a合肥@c中国科技大学出版社@d1991@h1994 | |
| 215 | @a353页@d26cm | |
| 606 | @aPASCAL语言-程序设计 | |
| 606 | @a程序设计-PASCAL语言 | |
| 690 | @aTP312PA@v3 | |
| 692 | @a73.87221@v2 | |
| 701 | 0 | @a薛伟@Axue wei@4编著 |
| 801 | 0 | @aCN@bTSSF@c20070608 |
| 905 | @a10447@dTP312PA@e613 | |
| Turbo Pascal程序设计及其应用/薛伟等编著.-合肥:中国科技大学出版社,1991(1994) |
| 353页;26cm |
| ISBN 7-312-00069-X:CNY10.00 |
| ● |
| 相关链接 |
|
|
|
|
正题名:Turbo Pascal程序设计及其应用
索取号:TP312PA/613
 
预约/预借
| 序号 | 登录号 | 条形码 | 馆藏地/架位号 | 状态 | 备注 |
| 1 | 0517459 | 205174595 | 第二样本阅览室/ [索取号:TP312PA/613] | 在馆 |